Kamusi ya Kiswahili Sanifu / (Record no. 31965)

000 -LEADER
fixed length control field 00471nam a22001697a 4500
008 - FIXED-LENGTH DATA ELEMENTS--GENERAL INFORMATION
fixed length control field 240513b |||||||| |||| 00| 0 eng d
020 ## - INTERNATIONAL STANDARD BOOK NUMBER
International Standard Book Number 9780195746167
041 ## - LANGUAGE CODE
Language code of text/sound track or separate title Swahili
050 ## - LIBRARY OF CONGRESS CALL NUMBER
Classification number PL 8701
Item number .T8 2019
100 ## - MAIN ENTRY--PERSONAL NAME
Personal name Tuki
245 ## - TITLE STATEMENT
Title Kamusi ya Kiswahili Sanifu /
250 ## - EDITION STATEMENT
Edition statement 4th ed.
260 ## - PUBLICATION, DISTRIBUTION, ETC. (IMPRINT)
Place of publication, distribution, etc. Kenya :
Name of publisher, distributor, etc. oxford,
Date of publication, distribution, etc. 2019.
300 ## - PHYSICAL DESCRIPTION
Extent xxiv,791p. :
Other physical details ill. ;
Dimensions 18cm
650 ## - SUBJECT ADDED ENTRY--TOPICAL TERM
Topical term or geographic name as entry element Kamusi
General subdivision Kiswahili
942 ## - ADDED ENTRY ELEMENTS (KOHA)
Source of classification or shelving scheme
Koha item type Reference Material
Classification part PL 8701 .T8 2019
Holdings
Withdrawn status Lost status Source of classification or shelving scheme Damaged status Not for loan Home library Current library Shelving location Date acquired Source of acquisition Cost, normal purchase price Total Checkouts Full call number Barcode Date last seen Price effective from Koha item type
          MACHAKOS UNIVERSITY LIBRARY MACHAKOS UNIVERSITY LIBRARY Reference 16/04/2024 Purchase-Urban books center 2000.00   PL 8701 .T8 2019 39778 16/04/2026 13/05/2024 Reference Material
© Machakos University Library, Along The Highway, Machakos Wote Rd, Machakos, Kenya P.O. Box 136 - 90100 Machakos - Kenya

Tel: ( +254 ) 723 805829 OR Fax : 044-20353 OR Email: library@mksu.ac.ke